Quick response manufacturing: a companywide approach to reducing lead times
Gespeichert in:
| 1. Verfasser: | |
|---|---|
| Format: | Buch |
| Sprache: | Englisch |
| Veröffentlicht: |
Portland
Productivity
1998
|
| Schlagworte: | |
| Tags: |
Tag hinzufügen
Keine Tags, Fügen Sie den ersten Tag hinzu!
|
MARC
| LEADER | 00000nam a2200000 a 4500 | ||
|---|---|---|---|
| 001 | UCN4437 | ||
| 003 | CL-VaPUC | ||
| 008 | 010803e19980000US |||||||||||||||||eng|d | ||
| 082 | 0 | 4 | |a 658.5 |b SUR |2 21 |
| 100 | 0 | |a Suri, Rajan |e author |9 460858 | |
| 245 | 1 | 0 | |a Quick response manufacturing: a companywide approach to reducing lead times |
| 300 | |a 544 p | ||
| 942 | |c BK | ||
| 945 | |d 20010803 00:00:00 |a cmena | ||
| 260 | |a Portland |b Productivity |c 1998 | ||
| 650 | 0 | |a Gestión de la producción |9 259467 | |
| 650 | 0 | |a Control de calidad |9 259714 | |
| 650 | 0 | |a Planificación estratégica |9 259735 | |
| 650 | 0 | |a Costos |9 261063 | |
| 583 | |a last modification |c 20010803 00:00:00 |k Rodrigo Vera | ||
| 999 | |c 296680 |d 296678 | ||
| 952 | |0 0 |1 0 |4 0 |6 658_500000000000000_SUR_1998 |7 0 |8 A |9 350693 |a BIBING |b BIBING |d 2019-11-20 |i 3737691 |o 658.5 SUR 1998 |p 3737691 |r 2025-01-20 |w 2019-11-20 |y BK |k EII | ||